Medieval Crusader Chant - Media Vita - Statistics

General Stats
  • This quiz has been taken 3 times
  • The average score is 22 of 27
Answer Stats
Lyrics % Correct
Deus,
100%
In
100%
Media
100%
Misericors
100%
morte
100%
morti
100%
ne
100%
nos.
100%
Sancte
100%
Sancte
100%
Sancte
100%
sumus
100%
tradas
100%
vita
100%
adiutorem
67%
Amarae
67%
Domine,
67%
fortis,
67%
Nisi
67%
nostris
67%
peccatis
67%
pro
67%
quaerimus
67%
Quem
67%
Qui
67%
te,
67%
Salbator
0%
No matching quizzes found
Score Distribution
Percent of People with Each Score
Percentile by Number Answered
Your Score History
You have not taken this quiz